| 000 | 00538nam a2200193Ia 4500 | ||
|---|---|---|---|
| 005 | 20250923145304.0 | ||
| 008 | 008 250917s9999 xx 000 0 eng d | ||
| 037 | _aTextual | ||
| 040 |
_aDSWL _beng _cDSWL |
||
| 041 |
_aeng _2eng |
||
| 084 |
_aY31x2,N6, N69;4 _qDSWL |
||
| 100 |
_aDesai, A.R. _9833723 |
||
| 245 | 0 |
_aRural Sociology in India _cby A.R. Desai |
|
| 250 | _a4th | ||
| 260 |
_aBombay _bPopular Prakashan _c1969 |
||
| 300 | _axviii,968p. | ||
| 942 |
_cTEXL _hY31x2,N6, N69;4 |
||
| 999 |
_c1449525 _d1449525 |
||